تحميل...

Neuro analysis

التفاصيل البيبلوغرافية
المؤلف الرئيسي: Avi Peled
التنسيق: Printed Book
منشور في: London Routledge 2008
الموضوعات:
LEADER 00623nam a22002051a 4500
020 |a 0415451321  |c 0.00 
040 |a SSUS - Library - Kalady 
082 |a 616.8  |b AVI/N 
100 |a Avi Peled  
245 |a Neuro analysis  |h [Text] 
260 |a London  |b Routledge  |c 2008 
300 |a 150p. 
600 |a Medicine 
600 |a Neural Networks 
600 |a Neuro Analysis 
600 |a Neuro Psychology 
852 |h 616.8  |i AVI/N  |p 057607  |9 4290.00  |t 0 
942 |c BK 
999 |c 31136  |d 31136 
952 |0 0  |1 0  |4 0  |6 616_800000000000000_AVI_N  |7 0  |9 44939  |a SSUS  |b SSUS  |d 2015-01-08  |g 4290.00  |o 616.8 AVI/N  |p 057607  |r 2015-01-08  |v 0.00  |w 2015-01-08  |y BK